<?xml version="1.0" encoding="UTF-8"?>
<record
    xmlns:xsi="http://www.w3.org/2001/XMLSchema-instance"
    xsi:schemaLocation="http://www.loc.gov/MARC21/slim http://www.loc.gov/standards/marcxml/schema/MARC21slim.xsd"
    xmlns="http://www.loc.gov/MARC21/slim">

  <leader>01756nam a22002651  4500</leader>
  <controlfield tag="001">22519</controlfield>
  <controlfield tag="003">BD-RjUL</controlfield>
  <controlfield tag="005">20211209000821.0</controlfield>
  <controlfield tag="008">140308s1965    nyu           000 1 eng</controlfield>
  <datafield tag="035" ind1=" " ind2=" ">
    <subfield code="a">(BD-RjUL)22584</subfield>
  </datafield>
  <datafield tag="035" ind1=" " ind2=" ">
    <subfield code="a">(OCoLC)351649</subfield>
  </datafield>
  <datafield tag="040" ind1=" " ind2=" ">
    <subfield code="a">DLC</subfield>
    <subfield code="c">ODaWU</subfield>
    <subfield code="d">BD-RjUL</subfield>
    <subfield code="b">eng</subfield>
  </datafield>
  <datafield tag="041" ind1=" " ind2=" ">
    <subfield code="a">eng</subfield>
  </datafield>
  <datafield tag="082" ind1="0" ind2="4">
    <subfield code="a">823.01</subfield>
    <subfield code="b">REA 1965</subfield>
  </datafield>
  <datafield tag="245" ind1="1" ind2="0">
    <subfield code="a">Read with me /</subfield>
    <subfield code="c">selected by Thomas B. Costain.</subfield>
  </datafield>
  <datafield tag="260" ind1=" " ind2=" ">
    <subfield code="a">Garden City ; N.Y. :</subfield>
    <subfield code="b">Doubleday,</subfield>
    <subfield code="c">c1965.</subfield>
  </datafield>
  <datafield tag="300" ind1=" " ind2=" ">
    <subfield code="a">xii, 623 p. ;</subfield>
    <subfield code="c">22 cm.</subfield>
  </datafield>
  <datafield tag="505" ind1="0" ind2=" ">
    <subfield code="a">Albee / The next voice you hear -- Allen / The city of brotherly love -- Barrett / The lilies of the field -- Beer / Tact -- Behan / The confirmation suit -- Benet / Johnny Pye and the fool-killer -- The ballad of Leif the lucky -- Bradshaw / A portrait reversed -- Chesterton / The queer feet -- Christie / Accident -- Endore / The King of Paris dies -- Fitzgerald / Magnetism -- Gallico / The snow goose -- Godden / Mooltiki -- Hecht / Miracle of the fifteen murders -- Hemingway / In another country -- Household / Children's crusade -- Kantor / Lobo -- Kipling / The man who was -- Leacock My revelations as a spy -- McCarthy / Ask me no questions -- O'Hara / Exactly eight thousand dollars exactly -- The sun-dodgers -- Parker / Clothe the naked -- Picthall / The worker in sandalwood -- Porter / Theytrample on your heart -- Priestly / The other place -- Runyon / Johnny one-eye -- Scoggins / The proud old name -- Sheean / The pieces of a fan -- Wiesel / Dawn -- Wodehouse / The clicking of cuthbert -- Woolf / The legacy.</subfield>
  </datafield>
  <datafield tag="650" ind1=" " ind2="0">
    <subfield code="a">Short stories, English.</subfield>
    <subfield code="9">57167</subfield>
  </datafield>
  <datafield tag="650" ind1=" " ind2="0">
    <subfield code="a">Short stories, American.</subfield>
    <subfield code="9">69543</subfield>
  </datafield>
  <datafield tag="700" ind1="1" ind2=" ">
    <subfield code="a">Costain, Thomas Bertram</subfield>
    <subfield code="9">69542</subfield>
  </datafield>
  <datafield tag="942" ind1=" " ind2=" ">
    <subfield code="2">ddc</subfield>
    <subfield code="c">BK</subfield>
  </datafield>
  <datafield tag="999" ind1=" " ind2=" ">
    <subfield code="c">22519</subfield>
    <subfield code="d">22519</subfield>
  </datafield>
  <datafield tag="952" ind1=" " ind2=" ">
    <subfield code="0">0</subfield>
    <subfield code="1">0</subfield>
    <subfield code="2">ddc</subfield>
    <subfield code="4">0</subfield>
    <subfield code="7">2</subfield>
    <subfield code="8">FIC</subfield>
    <subfield code="a">RUCL</subfield>
    <subfield code="b">RUCL</subfield>
    <subfield code="c">Reading</subfield>
    <subfield code="d">1956-08-10</subfield>
    <subfield code="e">Double Day Company</subfield>
    <subfield code="l">0</subfield>
    <subfield code="o">823.01 REA 1965</subfield>
    <subfield code="r">2014-03-08 00:00:00</subfield>
    <subfield code="t">C-1</subfield>
    <subfield code="w">2014-03-08</subfield>
    <subfield code="y">BK</subfield>
  </datafield>
</record>
